Türk tarih kurumu tarafından yapılan alacahöyük hafriyatı (Kayıt no. 852)

MARC ayrıntıları
000 -BAŞLIK
Sabit Uzunlukta Kontrol Alanı 00939na a2200265 4500
001 - KONTROL NUMARASI
Denetim Alanı 23089
003 - KONTROL NUMARASI IDENTIFIER
Denetim Alanı MIRAKIL
005 - SON İŞLEM TARİHİ VE ZAMANI
Denetim Alanı 20181213154803.0
008 - SABİT-BOY VERİ ELEMANLARI - GENEL BİLGİLER
Sabit Uzunlukta Kontrol Alanı 170630b tu 000 0
040 ## - KATALOGLAMA KAYNAK
Orijinal Kataloglama Ajansı Milas
Kataloglama Dili tur
Metne Dönüştürmek Ajansı TR-AnCHP
041 ## - DİL KODU
Metin / Ses Parça Veya Ayrı Başlığın Dil Kodu tur
082 ## - DEWEY ONLU SINIFLANDIRMA NUMARASI
Sınıflandırma Numarası 939.10283
Ürün Numarası A64a 1937
090 ## - SINIFLAMA NUMARASI
Sınıflama Numarası 939.10283 A64a 1937
100 ## - ANA GİRİŞ - KİŞİSEL İSİM
Kişisel Ad Arık, Remzi Oğuz
245 ## - BAŞLIK TABLOSU
Başlık Türk tarih kurumu tarafından yapılan alacahöyük hafriyatı
Başlığın Kalan 1935'deki çalışmalara ve keşiflere ait ilk rapor
Sorumluluk Tablosu, Vb Remzi Oğuz Arık
246 ## - UNVAN FORM VARYING
Başlık Doğru / Kısa Başlığı 1935'deki çalışmalara ve keşiflere ait ilk rapor
260 ## - YAYIN, DAĞITIM, VB
Yayın, Dağıtım, Vb Yeri Ankara
Yayıncı, Dağıtıcı, Vs Adı Türk Tarih Kurumu
Yayın, Dağıtım, Vb Tarihi 1937
300 ## - FİZİKSEL TANIM
Kapsam 113 , ccxcvı s.
Diğer Fiziksel Ayrıntıları fotğ.
Boyutlar 30 sm.
490 ## - SERİSİ TABLOSU
Seri Beyanı Türk Tarih Kurumu Yayınları
Hacim / Ardışık Tanımı V. seri - No 1
504 ## - KAYNAKÇA VB NOT
Kaynakça Vb Notu Dizin var.
650 ## - KONU KATMA GİRİŞ - TOPİKAL DÖNEM
Topikal Süreli Veya Coğrafi Ad Giriş Elemanı Alacahöyük
Genel Alt Bölümü Eski çağ tarihi
650 ## - KONU KATMA GİRİŞ - TOPİKAL DÖNEM
Topikal Süreli Veya Coğrafi Ad Giriş Elemanı Arkeoloji
Genel Alt Bölümü Alacahöyük
Kronolojik Alt Bölümü Türkiye
740 ## - KATMA GİRİŞ - KONTROLSUZ İLGİLİ / ANALİTİK BAŞLIK
Kontrol Edilmeyen / İlgili Analitik Başlıktaki 1935'deki çalışmalara ve keşiflere ait ilk rapor
942 ## - EKLENDİ GİRİŞ ELEMANLARI (KOHA)
Sınıflandırma Veya Raf Düzeni Kaynak
Koha Öğesi Türü Kitaplar
999 ## - SİSTEM KONTROL NUMARALARI (KOHA)
Koha Biblionumber 852
Koha Biblioitemnumber 852
Mevcut
Kalıcı Konum Mevcut Konum Edinme Tarihi Edinim Kaynak Seri Numaralandırma / Kronolojik Toplam Check-Out'Lar Tam Çağrı Numarası Barkod Tarih Son Görülme İtibaren Geçerli Fiyatlar Koha Öğesi Türü
CHP Kütüphanesi CHP Kütüphanesi 06/30/2017 Bağış c.3   939.10283 A64a 1937 017059 06/30/2017 06/30/2017 Kitaplar